000 00531cam a22001697a 4500
008 180718b2008 xxu||||| |||| 00| 0 eng d
020 _a8189937480
082 _aA99/Am16 N143
100 _aNaik, C. D.
245 _aSocial and political thought of Dr. B. R. Ambedkar
_cby C. D. Naik
260 _aNew Delhi
_bArise
_c2008
300 _a308p.
650 _aSocial classes - India
650 _aDalits - India
650 _aScheduled castes and scheduled tribes - India
650 _aAmbedkar, B.R. - Criticism and interpretation
999 _c407851
_d407851